Red superheros - Statistics

General Stats
  • This quiz has been taken 63 times
  • The average score is 13 of 21
Answer Stats
Picture Answer % Correct
Spiderman
100%
Daredevil
98%
Ironman
98%
Shazam
98%
Flash
93%
Red Hulk
91%
Scarlet Witch
89%
Mr.Incredible
82%
Dash
70%
Plastic Man
68%
Hellboy
66%
Red Tornado
59%
Red She Hulk
50%
Spiderwoman
48%
Red Robin
38%
Arsenal
34%
Deadman
21%
HYPERION
20%
Gladiator
16%
Orion
9%
Miss.Incredible
7%
No matching quizzes found
Score Distribution
Percent of People with Each Score
Percentile by Number Answered
Your Score History
You have not taken this quiz